000 00506cam a22002051a 4500
001 sa 68015992
003 DLC
005 20260227112651.0
008 950413s1964 io 000 1 ind
010 _asa 68015992
025 _aPL480:Indo-4635
035 _a(OCoLC)32303595
040 _aDLC
_cWU
_dDLC
042 _apremarc
050 0 0 _aPL5089.S444
_bE4
100 0 _aSenggono.
245 1 0 _aEmpu Supa dan Djaka Sura.
260 _aDjakarta :
_bBalai Pustaka,
_c1964.
300 _a16 p. ;
_c19 cm.
999 _c86854
_d86854